Bible Today. (Record no. 6891)

MARC details
000 -LEADER
fixed length control field 00574nam a2200241 a 4500
020 ## - INTERNATIONAL STANDARD BOOK NUMBER
ISBN
082 00 - DEWEY DECIMAL CLASSIFICATION NUMBER
Classification number 220.09
Author Cutter EYR
100 ## - MAIN ENTRY--AUTHOR NAME
Author name Eyre And Spottiswoode,
245 ## - TITLE STATEMENT
Title Bible Today.
260 ## - PUBLICATION, DISTRIBUTION, ETC. (IMPRINT)
Place of publication London
Name of publisher Eyre & Spottiswoode
Year of publication 1955
300 ## - PHYSICAL DESCRIPTION
Number of Pages 208p
500 ## - GENERAL NOTE
General note includes index and biblioraphy
505 2# - FORMATTED CONTENTS NOTE
Formatted contents note Index
650 ## - SUBJECT ADDED ENTRY--TOPICAL TERM
Topical Term Bible-History
942 ## - ADDED ENTRY ELEMENTS (KOHA)
Koha item type Books
700 1# -
-- Eyre And Spottiswoode,
Holdings
Collection code Home library Current library Date acquired Cost, normal purchase price Full call number Accession Number Koha item type
  Henry Martyn Institute Library Henry Martyn Institute Library 06/15/2007 100.00 220.09 EYR 010563 Books
                   Copyright © 2026 | Henry Martyn Institute | Hyderabad | TS-500052 | INDIA | Implemented by hmi.edu.in
Hit-Count:

Powered by Koha